| 000 | 01057nam a2200265Ia 4500 | ||
|---|---|---|---|
| 003 | OSt | ||
| 005 | 20220923211228.0 | ||
| 006 | a|||||r|||| 00| 0 | ||
| 007 | ta | ||
| 008 | 220922b |||||||| |||| 00| 0 san d | ||
| 020 |
_a9788171106332 (hbk) _c200 |
||
| 024 | _a349,293 | ||
| 037 |
_b368, 28/01/2019, Vidyanidhi Prakashan _cTextual |
||
| 040 |
_aARTS _cARTS _bsan |
||
| 041 |
_2san _asan |
||
| 082 | _aDelta:864, 152Q9 | ||
| 100 |
_aशर्मा शास्त्री, प्रकाश, ले. _9159962 |
||
| 245 | 0 |
_aप्रश्नपत्र _b ज्योतिषीय मीमांसा |
|
| 246 | _aPrashnapatra: jyotiṣhīya mīmāansā | ||
| 260 |
_aदिल्ली _b परिमल पब्लिकेशन्स _c2019 |
||
| 300 |
_a172पृ0 _ccm. |
||
| 650 | _aज्योतिष शास्त्र | ||
| 942 |
_hDelta:864, 152Q9 _cTEXL _2CC |
||
| 999 |
_c297302 _d297302 |
||